000 00891nam a2200265Ia 4500
003 OSt
005 20221005111929.0
006 a|||||r|||| 00| 0
007 ta
008 221004b |||||||| |||| 00| 0 hin d
024 _a31002
037 _cTextual
040 _aCRL
_cCRL
_bhin
041 _2hin
_ahin
082 _aR625x8, 152M8
100 _aभट्ट, अन्न
245 0 _aतर्कसंग्रहः
246 _aTarkasangrahah
250 _aसप्तम संस्करण
260 _aवाराणसी
_bचौखम्बा सुरभारती प्रकाशन भारत
_c1988
300 _a108पृ.
_ccm.
490 _aचौखम्बा सुरभारती ग्रंथमाला; 5
942 _hR625x8, 152M8
_cTEXL
_2cc
999 _c1023337
_d1023337